LIBRARY & INFORMATION CENTRE, KCAET, TAVANUR

ONLINE PUBLIC ACCESS CATALOGUE (OPAC)

Elements of Agricultural Chemistry (Record no. 15656)

MARC details
000 -LEADER
fixed length control field 00373nam a22001457a 4500
003 - CONTROL NUMBER IDENTIFIER
control field OSt
008 - FIXED-LENGTH DATA ELEMENTS--GENERAL INFORMATION
fixed length control field 190523b ||||| |||| 00| 0 eng d
020 ## - INTERNATIONAL STANDARD BOOK NUMBER
ISBN 9789381226872
082 ## - DEWEY DECIMAL CLASSIFICATION NUMBER
Classification number 547
Item number KAL/EL
100 ## - MAIN ENTRY--AUTHOR NAME
Personal name Kaleeswari, R K
245 ## - TITLE STATEMENT
Title Elements of Agricultural Chemistry
260 ## - PUBLICATION, DISTRIBUTION, ETC. (IMPRINT)
Place of publication Delhi
Name of publisher Satish Serial Publishing House
Year of publication 2014
300 ## - PHYSICAL DESCRIPTION
Number of Pages 176 p.
942 ## - ADDED ENTRY ELEMENTS (KOHA)
Koha item type Books
Holdings
Withdrawn status Lost status Damaged status Collection code Home library Current library Shelving location Date acquired Cost, normal purchase price Full call number Accession Number Koha item type
      Non-fiction KAUAET KAUAET General Stacks 23/05/2019 2150.00 547 KAL/EL 25856 Books
free website counter